[Event "Kharkov Rector Cup (Women) 8th"]
[Site "Kharkov"]
[Date "2006.04.05"]
[Round "9"]
[White "Doluhanova, Evgeniya"]
[Black "Maiko, Julia"]
[Result "1-0"]
[WhiteElo "2301"]
[BlackElo "2214"]
[PlyCount "57"]
[EventDate "2006.03.28"]
[EventType "tourn"]
[EventRounds "9"]
[EventCountry "UKR"]
[SourceTitle "CBM 111 Extra"]
[Source "ChessBase"]
[SourceDate "2006.05.09"]
[SourceVersion "1"]
[SourceVersionDate "2006.05.09"]
[SourceQuality "1"]

1. e4 e6 2. d4 d5 3. Nc3 Bb4 4. e5 c5 5. Bd2 Ne7 6. a3 Bxc3 7. Bxc3 Nbc6 8. Nf3 cxd4 9. Nxd4 Nxe5 10. Nxe6 Bxe6 11. Bxe5 0-0 12. Bd3 Ng6 13. Bxg6 fxg6 14. 0-0 Qg5 15. Qd4 Rac8 16. f4 Qe7 17. c3 b6 18. Rae1 Rc4 19. Qd3 Qd7 20. Rf2 Bf5 21. Qd2 Qb7 22. Bd6 Rd8 23. Re7 Qa8 24. Rfe2 d4 25. Qe1 h5 26. Rxg7+ Kh8 27. Rh7+ Kg8 28. Ree7 Rd7 29. Qe5 1-0

[Event "Kharkov Rector Cup (Women) 8th"]
[Site "Kharkov"]
[Date "2006.04.03"]
[Round "7"]
[White "Maiko, Julia"]
[Black "Arutyunova, Diana"]
[Result "0-1"]
[WhiteElo "2214"]
[BlackElo "2326"]
[PlyCount "118"]
[EventDate "2006.03.28"]
[EventType "tourn"]
[EventRounds "9"]
[EventCountry "UKR"]
[SourceTitle "CBM 111 Extra"]
[Source "ChessBase"]
[SourceDate "2006.05.09"]
[SourceVersion "1"]
[SourceVersionDate "2006.05.09"]
[SourceQuality "1"]

1. e4 d6 2. d4 Nf6 3. Nc3 c6 4. Nf3 Qa5 5. Bd3 e5 6. h3 Nbd7 7. 0-0 Be7 8. dxe5 dxe5 9. a3 Qc7 10. Qe2 Nc5 11. Bc4 0-0 12. b4 Ne6 13. Be3 b5 14. Bd3 a6 15. Nh4 g6 16. Nf3 Bb7 17. Ng5 Nd4 18. Qd1 c5 19. bxc5 Bxc5 20. Ne2 h6 21. Nf3 Nxf3+ 22. gxf3 Bxe3 23. fxe3 Qb6 24. Qd2 Bc8 25. Kh2 Nh7 26. f4 Nf6 27. Ng3 Kh7 28. Rf3 Ra7 29. Raf1 Re7 30. Qc3 Bb7 31. fxe5 Nd7 32. Qd4 Qe6 33. Qd6 Qxe5 34. Qd4 h5 35. Rf4 Kg8 36. c4 Nc5 37. Qxe5 Rxe5 38. Be2 Ne6 39. Rf6 h4 40. Nh1 Bxe4 41. cxb5 axb5 42. Nf2 Bf5 43. e4 Kg7 44. Ng4 Bxg4 45. hxg4 Ng5 46. R6f4 Ra8 47. Rb1 Ne6 48. Rf2 Nd4 49. Rbf1 Nxe2 50. Rxe2 Rxa3 51. Ref2 Rxe4 52. Rxf7+ Kh6 53. Rb7 Re2+ 54. Kh1 Rh3+ 55. Kg1 Rhh2 56. g5+ Kh5 57. Rf8 Reg2+ 58. Kf1 h3 59. Ke1 Rb2 0-1

[Event "Kharkov Rector Cup (Women) 8th"]
[Site "Kharkov"]
[Date "2006.04.01"]
[Round "5"]
[White "Maiko, Julia"]
[Black "Vozovic, Oksana"]
[Result "0-1"]
[WhiteElo "2214"]
[BlackElo "2326"]
[PlyCount "170"]
[EventDate "2006.03.28"]
[EventType "tourn"]
[EventRounds "9"]
[EventCountry "UKR"]
[SourceTitle "CBM 111 Extra"]
[Source "ChessBase"]
[SourceDate "2006.05.09"]
[SourceVersion "1"]
[SourceVersionDate "2006.05.09"]
[SourceQuality "1"]

1. e4 c5 2. Nf3 d6 3. d4 cxd4 4. Qxd4 Nc6 5. Bb5 Bd7 6. Bxc6 Bxc6 7. Nc3 Nf6 8. Bg5 e6 9. 0-0 Be7 10. Qd3 0-0 11. Rfe1 Qa5 12. a4 a6 13. h3 Rac8 14. Bd2 Qc7 15. Bf4 Rfd8 16. Rad1 h6 17. Qe2 Qb6 18. b3 Qa5 19. Bd2 Qc7 20. Nd4 Be8 21. Qf3 Qc5 22. Nce2 Qe5 23. c4 Qxe4 24. Ba5 Rd7 25. Qg3 e5 26. Nc3 Qh7 27. Nde2 Ne4 28. Qd3 Nc5 29. Qxh7+ Kxh7 30. Nc1 Bg5 31. Bb6 Ne6 32. Nd5 f5 33. g3 Bh5 34. Rd3 e4 35. Rc3 Bd2 36. Ree3 Bxc3 37. Rxc3 Bf7 38. Be3 Re8 39. Ne2 Ng5 40. Nb6 Rdd8 41. Nf4 Nf3+ 42. Kg2 g5 43. Nfd5 Kg6 44. Rc1 Ne5 45. Nc7 Re7 46. Ncd5 Bxd5 47. Nxd5 Rf7 48. Rd1 Rb8 49. Nb4 Rd8 50. Bd4 Nc6 51. Bb6 Rdd7 52. Nd5 Ne5 53. Bd4 Nf3 54. Be3 Rf8 55. a5 Kf7 56. Nb6 Rdd8 57. Nd5 Ne5 58. Bb6 Rd7 59. Nb4 Ke6 60. Re1 Kf7 61. Rd1 Rg8 62. Re1 Ke6 63. Re2 Rc8 64. Re1 Nc6 65. Nd5 Ne7 66. Rc1 Kf7 67. Rd1 Ng8 68. Ne3 Ke6 69. Bd4 Ne7 70. Bb6 d5 71. Rb1 d4 72. Nd1 f4 73. Nb2 f3+ 74. Kf1 Nc6 75. Re1 Kf5 76. g4+ Kf4 77. Rd1 h5 78. gxh5 Rh8 79. Ke1 Rxh5 80. Kd2 Rxh3 81. Kc1 Rh2 82. Rf1 Rdh7 83. Kc2 g4 84. Bc5 Ke5 85. Nd1 g3 0-1

[Event "Kharkov Femida (Women)"]
[Site "Kharkov"]
[Date "2005.10.21"]
[Round "6"]
[White "Karlovich, Anastazia"]
[Black "Maiko, Julia"]
[Result "1/2-1/2"]
[WhiteElo "2277"]
[BlackElo "2195"]
[PlyCount "32"]
[EventDate "2005.10.16"]
[EventType "tourn"]
[EventRounds "11"]
[EventCountry "UKR"]
[SourceTitle "EXT 2006"]
[Source "ChessBase"]
[SourceDate "2005.11.24"]
[SourceVersion "1"]
[SourceVersionDate "2005.11.24"]
[SourceQuality "1"]

1. e4 e6 2. d4 d5 3. Nc3 Bb4 4. Qd3 dxe4 5. Qxe4 Nf6 6. Qh4 Nd5 7. Qxd8+ Kxd8 8. Bd2 b6 9. Nxd5 Bxd2+ 10. Kxd2 exd5 11. Nf3 f6 12. g3 Bg4 13. Bg2 c6 14. Rhe1 Re8 15. Rxe8+ Kxe8 16. Re1+ Kf7 1/2-1/2

[Event "Kharkov Femida (Women)"]
[Site "Kharkov"]
[Date "2005.10.17"]
[Round "2"]
[White "Kuzmina, Olga"]
[Black "Maiko, Julia"]
[Result "1/2-1/2"]
[WhiteElo "2261"]
[BlackElo "2195"]
[PlyCount "157"]
[EventDate "2005.10.16"]
[EventType "tourn"]
[EventRounds "11"]
[EventCountry "UKR"]
[SourceTitle "EXT 2006"]
[Source "ChessBase"]
[SourceDate "2005.11.24"]
[SourceVersion "1"]
[SourceVersionDate "2005.11.24"]
[SourceQuality "1"]

1. e4 e6 2. d4 d5 3. Nd2 Nf6 4. e5 Nfd7 5. Bd3 c5 6. c3 b6 7. Ne2 Ba6 8. Bxa6 Nxa6 9. 0-0 Nc7 10. Nf3 Be7 11. Ng3 h5 12. h3 c4 13. Be3 b5 14. Qd2 a5 15. Ng5 h4 16. Ne2 b4 17. Rab1 Rb8 18. Kh2 Rb6 19. g4 Qb8 20. Nf3 Nb5 21. Kg2 bxc3 22. Nxc3 Nxc3 23. Qxc3 Rb5 24. Qc1 Nb6 25. Bd2 0-0 26. Qc2 Qa7 27. Bc3 Na8 28. Qd2 a4 29. g5 Rfb8 30. Rbc1 a3 31. bxa3 Bxa3 32. Rc2 Rb1 33. Rxb1 Rxb1 34. Nxh4 Nc7 35. g6 Nb5 36. Qg5 Qe7 37. gxf7+ Qxf7 38. Ng6 Qf5 39. Qxf5 exf5 40. Nf4 Nxc3 41. Rxc3 Bb2 42. Rc2 Bxd4 43. Nxd5 Bxe5 44. Rxc4 Ra1 45. Rc2 Kf7 46. Nb4 Bd6 47. Nc6 g6 48. Nd4 Be5 49. Nb3 Rb1 50. Re2 Bf6 51. Nc5 Ra1 52. Ne6 Rc1 53. Nf4 Rc4 54. Nd5 Rd4 55. Ne3 Ra4 56. Rc2 Ra6 57. Rc7+ Ke6 58. Rc2 Kf7 59. Nc4 Ra4 60. Kf3 Ke6 61. Ke2 g5 62. Kd3 Ra6 63. Re2+ Kf7 64. a3 Be7 65. Ra2 Rh6 66. Kd4 Rxh3 67. a4 Rh6 68. Ne3 f4 69. Nd5 Ra6 70. Nc7 Ra5 71. Nb5 Kg6 72. Kd5 Kf5 73. Kc6 g4 74. Re2 Bf6 75. Nd6+ Kg5 76. Ne4+ Kf5 77. Nd6+ Kg5 78. Ne4+ Kf5 79. Nd6+ 1/2-1/2

[Event "Kharkov Rector Cup (Women) 7th"]
[Site "Kharkov"]
[Date "2005.04.29"]
[Round "10"]
[White "Gordon, Viktoria"]
[Black "Maiko, Julia"]
[Result "1/2-1/2"]
[WhiteElo "2149"]
[BlackElo "2211"]
[PlyCount "182"]
[EventDate "2005.04.20"]
[EventType "tourn"]
[EventRounds "11"]
[EventCountry "UKR"]
[SourceTitle "CBM 105 Extra"]
[Source "ChessBase"]
[SourceDate "2005.05.01"]
[SourceVersion "1"]
[SourceVersionDate "2005.05.01"]
[SourceQuality "1"]

1. e4 e6 2. Qe2 c5 3. g3 Nc6 4. c3 Be7 5. Bg2 d5 6. e5 Qc7 7. f4 g5 8. d3 Bd7 9. Nf3 g4 10. Nfd2 Nh6 11. Nb3 0-0-0 12. Be3 Nf5 13. Bf2 h5 14. Na3 Na5 15. Nc2 Bb5 16. Nxa5 Qxa5 17. 0-0 h4 18. Rfc1 hxg3 19. hxg3 Qc7 20. a4 Ba6 21. b4 b6 22. a5 Bb7 23. axb6 axb6 24. d4 c4 25. Ra7 Rh7 26. Rca1 Rdh8 27. Ne3 Nxe3 28. Bxe3 Bd8 29. Qxg4 Qd7 30. Kf2 f5 31. exf6 Bxf6 32. Rg1 Kb8 33. Raa1 Rg7 34. Qe2 Rh2 35. Rh1 Rgh7 36. Rxh2 Rxh2 37. Rh1 Rxh1 38. Bxh1 Qh7 39. Bg2 Bc8 40. Qa2 Qd3 41. Qd2 Qb1 42. Qe1 Qc2+ 43. Kg1 Qg6 44. Bf2 Qg4 45. Qb1 Qg7 46. Bh3 Qh6 47. Kg2 Qg7 48. Qe1 Qf7 49. Qe2 Bg7 50. Qg4 Kb7 51. Qh4 Bf6 52. Qh6 Bd7 53. g4 Bg7 54. Qg5 Ba4 55. Bh4 Bc2 56. Qe7+ Qxe7 57. Bxe7 Be4+ 58. Kf2 Kc6 59. Bd8 b5 60. g5 Kd7 61. Bf6 Bf8 62. Bg4 Bg6 63. Ke3 Bd6 64. Be5 Bf8 65. Bf6 Bd6 66. Bh3 Bf8 67. Kf3 Bd6 68. Be5 Bf8 69. Bb8 Be4+ 70. Ke3 Bg6 71. Ba7 Bd6 72. Bc5 Bc7 73. Bg4 Bb8 74. Kf3 Be4+ 75. Kg3 Bg6 76. Bh3 Bc7 77. Bf8 Bb8 78. Bg4 Bc7 79. Bd1 Bb8 80. Bg7 Bd6 81. Be5 Be7 82. Kh4 Ke8 83. Bh5 Kf7 84. Bg4 Bf8 85. Bc7 Be4 86. Bb6 Bxb4 87. cxb4 c3 88. Bd1 c2 89. Bxc2 Bxc2 90. Kh5 Bf5 91. Kh6 Be4 1/2-1/2

[Event "Kharkov Rector Cup (Women) 7th"]
[Site "Kharkov"]
[Date "2005.04.26"]
[Round "7"]
[White "Romanova, Inna"]
[Black "Maiko, Julia"]
[Result "1/2-1/2"]
[WhiteElo "2242"]
[BlackElo "2211"]
[PlyCount "124"]
[EventDate "2005.04.20"]
[EventType "tourn"]
[EventRounds "11"]
[EventCountry "UKR"]
[SourceTitle "CBM 105 Extra"]
[Source "ChessBase"]
[SourceDate "2005.05.01"]
[SourceVersion "1"]
[SourceVersionDate "2005.05.01"]
[SourceQuality "1"]

1. d4 Nf6 2. c4 c5 3. d5 b5 4. Nd2 bxc4 5. e4 d6 6. Bxc4 g6 7. b3 Bg7 8. Bb2 0-0 9. Ne2 e6 10. 0-0 Na6 11. Nc3 Nc7 12. dxe6 Bxe6 13. Qc2 Ng4 14. h3 Ne5 15. Bxe6 fxe6 16. f4 Nc6 17. Ne2 Bxb2 18. Qxb2 Nb5 19. Nf3 Qb6 20. Rad1 Rad8 21. Kh1 Rd7 22. Rd2 Qd8 23. Rfd1 Qb6 24. a4 Nbd4 25. Nfxd4 Nxd4 26. Nxd4 cxd4 27. Qxd4 Qxb3 28. Rd3 Qb8 29. Qc4 d5 30. Qc6 Rd6 31. Qc1 Rb6 32. exd5 exd5 33. Rd4 Rb4 34. Rxd5 Qxf4 35. Qc6 Rb6 36. Qd7 Qf7 37. Qg4 Rb7 38. a5 Qf6 39. Rd6 Qf7 40. a6 Re7 41. Qd4 Rfe8 42. Rd7 Rxd7 43. Qxd7 Re7 44. Qg4 Kg7 45. h4 h5 46. Qg5 Qf6 47. Rb1 Qxg5 48. hxg5 Kf7 49. Kh2 Ke8 50. Kg3 Re6 51. Rb8+ Kd7 52. Rb7+ Kc8 53. Rxa7 Kb8 54. Rf7 Rxa6 55. Rf6 Ra3+ 56. Kh4 Ra4+ 57. Kh3 Rg4 58. Rxg6 Kc7 59. g3 Kd7 60. Rh6 Rxg5 61. Kh4 Rg4+ 62. Kh3 Rg5 1/2-1/2

[Event "Kharkov Rector Cup (Women) 7th"]
[Site "Kharkov"]
[Date "2005.04.24"]
[Round "5"]
[White "Dornbusch, Tatiana"]
[Black "Maiko, Julia"]
[Result "1-0"]
[WhiteElo "2313"]
[BlackElo "2211"]
[PlyCount "67"]
[EventDate "2005.04.20"]
[EventType "tourn"]
[EventRounds "11"]
[EventCountry "UKR"]
[SourceTitle "CBM 105 Extra"]
[Source "ChessBase"]
[SourceDate "2005.05.01"]
[SourceVersion "1"]
[SourceVersionDate "2005.05.01"]
[SourceQuality "1"]

1. d4 Nf6 2. Nf3 c5 3. d5 g6 4. Nc3 d6 5. e4 Bg7 6. Be2 0-0 7. 0-0 Bg4 8. Nd2 Bxe2 9. Qxe2 Na6 10. Nc4 Nc7 11. a4 b6 12. Bg5 Qd7 13. Rad1 b5 14. axb5 Nxb5 15. Nxb5 Qxb5 16. f4 Rfe8 17. e5 Ng4 18. b3 Nh6 19. g4 f6 20. Bxh6 Bxh6 21. Qf3 Qd7 22. h3 Bg7 23. e6 Qb7 24. f5 Rf8 25. Qd3 gxf5 26. Rxf5 Qc8 27. Rh5 h6 28. Ne3 c4 29. bxc4 Qc5 30. Kh1 Rfc8 31. Nf5 Kf8 32. Ne3 Kg8 33. Rxh6 Kf8 34. Qg6 1-0

[Event "Kharkov Rector Cup (Women) 7th"]
[Site "Kharkov"]
[Date "2005.04.22"]
[Round "3"]
[White "Sulejmanova, Ava"]
[Black "Maiko, Julia"]
[Result "1-0"]
[WhiteElo "2241"]
[BlackElo "2211"]
[PlyCount "79"]
[EventDate "2005.04.20"]
[EventType "tourn"]
[EventRounds "11"]
[EventCountry "UKR"]
[SourceTitle "CBM 105 Extra"]
[Source "ChessBase"]
[SourceDate "2005.05.01"]
[SourceVersion "1"]
[SourceVersionDate "2005.05.01"]
[SourceQuality "1"]

1. e4 e6 2. d4 d5 3. e5 b6 4. c3 Qd7 5. Nf3 Ne7 6. Na3 Ba6 7. Bxa6 Nxa6 8. Qd3 Nb8 9. 0-0 Nf5 10. Nc2 c5 11. b3 Nc6 12. Bd2 a5 13. a4 h5 14. Ne3 Nce7 15. h4 Rc8 16. Nc2 Nc6 17. dxc5 bxc5 18. Na3 Be7 19. Nb5 0-0 20. g3 Rfd8 21. Qe2 g6 22. Rfd1 Qb7 23. Bf4 Na7 24. c4 dxc4 25. bxc4 Nc6 26. Qe4 Qa8 27. Kg2 Ncd4 28. Qxa8 Rxa8 29. Ng5 Nxb5 30. axb5 Bxg5 31. Bxg5 Rxd1 32. Rxd1 Nd4 33. Be7 Nb3 34. b6 Nd4 35. Bxc5 Nc6 36. Bd6 f6 37. b7 Rd8 38. Rb1 Nb8 39. Bxb8 Rxb8 40. c5 1-0

[Event "UKR-ch U20 Girls"]
[Site "Dnipropetrovsk"]
[Date "2004.02.10"]
[Round "7"]
[White "Rohonyan, Katerina"]
[Black "Maiko, Julia"]
[Result "1-0"]
[WhiteElo "2377"]
[BlackElo "2201"]
[PlyCount "95"]
[EventDate "2004.02.06"]
[EventType "tourn"]
[EventRounds "11"]
[EventCountry "UKR"]
[SourceTitle "EXT 2005"]
[Source "ChessBase"]
[SourceDate "2004.11.15"]
[SourceVersion "1"]
[SourceVersionDate "2004.11.15"]
[SourceQuality "1"]

1. c4 c5 2. Nc3 Nc6 3. g3 e5 4. Bg2 g6 5. Nf3 Bg7 6. 0-0 d6 7. a3 a5 8. Ne1 Be6 9. d3 Nge7 10. Nc2 d5 11. cxd5 Nxd5 12. Ne3 Nde7 13. Nc4 0-0 14. Bg5 h6 15. Bxc6 bxc6 16. Be3 Bh3 17. Bxc5 Bxf1 18. Qxf1 Re8 19. e4 Nc8 20. Rd1 Qd7 21. Qe2 Qe6 22. Na4 Bf8 23. Be3 Nd6 24. Nc5 Qe7 25. Nxd6 Qxd6 26. Rc1 Red8 27. Rc4 Qc7 28. Kg2 Bxc5 29. Rxc5 Kh7 30. Qc2 Qd6 31. Rc3 a4 32. Bb6 Rd7 33. Bc5 Qe6 34. Bb4 Rc7 35. Rc4 h5 36. h4 f6 37. Bc3 Qd7 38. d4 exd4 39. Rxd4 Qe6 40. Qd3 Re7 41. f3 Rf7 42. Rd6 Qe7 43. e5 Ra7 44. exf6 Qe8 45. Rd8 Qe6 46. Qe4 Qf5 47. Qe8 Qc2+ 48. Bd2 1-0

[Event "UKR-ch sf U20 Girls"]
[Site "Ternopol"]
[Date "2003.12.17"]
[Round "9"]
[White "Maiko, Julia"]
[Black "Babiy, Olga"]
[Result "1-0"]
[WhiteElo "2213"]
[BlackElo "2191"]
[PlyCount "67"]
[EventDate "2003.12.11"]
[EventType "tourn"]
[EventRounds "11"]
[EventCountry "UKR"]
[SourceTitle "EXT 2008"]
[Source "ChessBase"]
[SourceDate "2007.11.25"]
[SourceVersion "1"]
[SourceVersionDate "2007.11.25"]
[SourceQuality "1"]

1. d4 d5 2. c4 e6 3. Nc3 c6 4. Nf3 dxc4 5. a4 Bb4 6. e4 b5 7. Be2 Nf6 8. Qc2 Bxc3+ 9. bxc3 0-0 10. 0-0 Nbd7 11. e5 Nd5 12. Ng5 g6 13. Ne4 f6 14. axb5 cxb5 15. Nd6 fxe5 16. Nxb5 Qf6 17. Bxc4 N7b6 18. Be2 Bd7 19. Nd6 exd4 20. Ne4 Qf5 21. cxd4 Rfc8 22. Qb1 Na4 23. g4 Qf8 24. Ba3 Qg7 25. Bf3 Qxd4 26. Rd1 Qg7 27. Qd3 Rab8 28. Qf1 Bb5 29. Qh3 Nf4 30. Qh4 Nc3 31. Nf6+ Kf7 32. Bd6 Nce2+ 33. Kh1 Qxf6 34. Rxa7+ 1-0

[Event "UKR-ch (Women)"]
[Site "Nikolaev"]
[Date "2003.11.05"]
[Round "2"]
[White "Maiko, Julia"]
[Black "Ushenina, Anna"]
[Result "1/2-1/2"]
[WhiteElo "2178"]
[BlackElo "2311"]
[PlyCount "77"]
[EventDate "2003.11.03"]
[EventType "swiss"]
[EventRounds "9"]
[EventCountry "UKR"]
[SourceTitle "CBM 097 Extra"]
[Source "ChessBase"]
[SourceDate "2004.01.13"]
[SourceVersion "1"]
[SourceVersionDate "2004.01.13"]
[SourceQuality "1"]

1. d4 d5 2. c4 dxc4 3. e4 e5 4. Nf3 exd4 5. Bxc4 Nc6 6. 0-0 Be6 7. Bb5 Bc5 8. Qc2 Bb6 9. Bxc6+ bxc6 10. Qxc6+ Bd7 11. Qc4 Be6 12. Qc6+ Bd7 13. Qc4 Be6 14. Qd3 Ne7 15. b4 0-0 16. Nbd2 f5 17. Re1 Kh8 18. Nb3 Nc6 19. Bg5 Qd7 20. b5 Nb4 21. Qd2 fxe4 22. Rxe4 c5 23. bxc6 Nxc6 24. Nbxd4 Bd5 25. Rh4 Nxd4 26. Nxd4 Rae8 27. Rd1 Qb7 28. Rg4 Qa6 29. Be3 Qxa2 30. Qxa2 Bxa2 31. Ra1 Bd5 32. Rg5 Be4 33. h4 h6 34. Rb5 Rf7 35. Rb4 Bd5 36. Rb5 Be4 37. Rb4 Bd5 38. Rb5 Be4 39. Rb4 1/2-1/2

[Event "Kharkov Femida"]
[Site "Kharkov"]
[Date "2003.10.17"]
[Round "11"]
[White "Sorokina, Viktoria"]
[Black "Maiko, Julia"]
[Result "0-1"]
[WhiteElo "2201"]
[BlackElo "2178"]
[PlyCount "58"]
[EventDate "2003.10.06"]
[EventType "tourn"]
[EventRounds "11"]
[EventCountry "UKR"]
[SourceTitle "CBM 096 Extra"]
[Source "ChessBase"]
[SourceDate "2003.10.22"]
[SourceVersion "2"]
[SourceVersionDate "2003.10.20"]
[SourceQuality "1"]

1. f4 d5 2. e3 g6 3. Nf3 Bg7 4. Be2 Nf6 5. d3 c6 6. 0-0 Qb6 7. c3 0-0 8. Qb3 Na6 9. Rd1 Nc5 10. Qc2 a5 11. Nbd2 a4 12. Nf1 Re8 13. Bd2 Ncd7 14. b4 e5 15. fxe5 Nxe5 16. Nxe5 Rxe5 17. Be1 Bg4 18. Bf2 Rae8 19. Re1 a3 20. e4 Qa6 21. Bg3 Bxe2 22. Rxe2 dxe4 23. dxe4 Rxe4 24. Rxe4 Rxe4 25. Rd1 h6 26. Rd2 Re6 27. Qb3 Ne4 28. Rd8+ Kh7 29. Bc7 Qa7+ 0-1

[Event "Kharkov Femida"]
[Site "Kharkov"]
[Date "2003.10.16"]
[Round "10"]
[White "Maiko, Julia"]
[Black "Komiagina, Maria"]
[Result "0-1"]
[WhiteElo "2178"]
[BlackElo "2287"]
[PlyCount "94"]
[EventDate "2003.10.06"]
[EventType "tourn"]
[EventRounds "11"]
[EventCountry "UKR"]
[SourceTitle "CBM 096 Extra"]
[Source "ChessBase"]
[SourceDate "2003.10.22"]
[SourceVersion "2"]
[SourceVersionDate "2003.10.20"]
[SourceQuality "1"]

1. d4 Nf6 2. c4 g6 3. Nc3 Bg7 4. Nf3 d6 5. Bf4 0-0 6. e3 Nc6 7. h3 Nd7 8. Be2 e5 9. Bg3 h6 10. Rc1 f5 11. a3 f4 12. Bh2 fxe3 13. fxe3 exd4 14. exd4 Nxd4 15. 0-0 Nf5 16. Qd2 Nc5 17. Rcd1 Be6 18. b4 Nd7 19. g4 Ne7 20. Qe3 Bf7 21. c5 Re8 22. Nb5 a6 23. cxd6 axb5 24. dxe7 Rxe7 25. Qf2 Rxa3 26. Bxb5 Ra2 27. Rd2 Rxd2 28. Qxd2 c6 29. Bd3 Qb6+ 30. Kh1 Qe3 31. Qc2 Bd5 32. Bc4 Rf7 33. Bxd5 cxd5 34. Bg1 Qc3 35. Qd1 d4 36. Kg2 d3 37. Be3 Qc4 38. Qe1 Qd5 39. Qd1 Ne5 40. Bd2 b5 41. Kg3 Nc4 42. Qe1 Qd6+ 43. Kg2 Re7 44. Qd1 Re2+ 45. Rf2 Rxd2 46. Rxd2 Ne3+ 47. Kf2 Nxd1+ 0-1

[Event "Kharkov Femida"]
[Site "Kharkov"]
[Date "2003.10.13"]
[Round "7"]
[White "Fatalibekova, Elena"]
[Black "Maiko, Julia"]
[Result "1-0"]
[WhiteElo "2317"]
[BlackElo "2178"]
[PlyCount "85"]
[EventDate "2003.10.06"]
[EventType "tourn"]
[EventRounds "11"]
[EventCountry "UKR"]
[SourceTitle "CBM 096 Extra"]
[Source "ChessBase"]
[SourceDate "2003.10.22"]
[SourceVersion "2"]
[SourceVersionDate "2003.10.20"]
[SourceQuality "1"]

1. d4 d5 2. Nf3 Nf6 3. c4 c6 4. cxd5 cxd5 5. Nc3 a6 6. Bf4 Nc6 7. e3 e6 8. Bd3 Bd6 9. Bg5 h6 10. Bh4 b5 11. 0-0 Be7 12. Rc1 Bd7 13. Ne5 0-0 14. f4 Ne8 15. Bf2 Nxe5 16. fxe5 f5 17. g4 b4 18. Ne2 Bb5 19. Nf4 Bxd3 20. Qxd3 Qd7 21. Ng6 Rf7 22. Bg3 Bd8 23. gxf5 exf5 24. Nf4 Nc7 25. Rxc7 Qxc7 26. e6 Rf8 27. Ng6 Qc4 28. Qxc4 dxc4 29. e7 Bxe7 30. Nxe7+ Kh7 31. Nc6 a5 32. Rc1 c3 33. bxc3 bxc3 34. Rxc3 a4 35. d5 g5 36. Be5 Rf7 37. d6 Rd7 38. Ne7 Rad8 39. Rc7 f4 40. exf4 gxf4 41. Kf2 h5 42. Nc6 Kg6 43. Nxd8 1-0

[Event "UKR Universiad B3 6th"]
[Site "Evpatoria"]
[Date "2003.05.14"]
[Round "3"]
[White "Rohonyan, Katerina"]
[Black "Maiko, Julia"]
[Result "0-1"]
[WhiteElo "2333"]
[BlackElo "2213"]
[PlyCount "82"]
[EventDate "2003.05.13"]
[EventType "swiss"]
[EventRounds "9"]
[EventCountry "UKR"]
[SourceTitle "EXT 2008"]
[Source "ChessBase"]
[SourceDate "2007.11.25"]
[SourceVersion "1"]
[SourceVersionDate "2007.11.25"]
[SourceQuality "1"]

1. e4 e6 2. d4 d5 3. Nc3 Bb4 4. e5 c5 5. a3 Bxc3+ 6. bxc3 Ne7 7. Nf3 Bd7 8. h4 Qc7 9. h5 h6 10. a4 Qa5 11. Bd2 Nbc6 12. Be2 f6 13. c4 Qc7 14. cxd5 Nxd5 15. c4 Nde7 16. exf6 gxf6 17. dxc5 e5 18. Bc3 0-0-0 19. Qd6 Nf5 20. Qxc7+ Kxc7 21. 0-0 Be8 22. Nd2 Nfd4 23. Bd1 f5 24. Rb1 Rg8 25. Re1 e4 26. f3 Bxh5 27. fxe4 Bxd1 28. Rbxd1 f4 29. Kf2 Nc2 30. Rg1 Ne3 31. Rc1 Rg3 32. Nf1 Ng4+ 33. Ke1 Rgd3 34. Ke2 Kc8 35. Rh1 R3d7 36. Rh5 Nd4+ 37. Bxd4 Rxd4 38. Kf3 Nf6 39. Rxh6 Nxe4 40. Rg6 Nxc5 41. a5 Nd3 0-1

[Event "UKR-ch U20 Girls"]
[Site "Lvov"]
[Date "2003.03.26"]
[Round "10"]
[White "Kovtonjuk, Natalia"]
[Black "Maiko, Julia"]
[Result "1-0"]
[WhiteElo "2074"]
[BlackElo "2175"]
[PlyCount "97"]
[EventDate "2003.03.??"]
[EventType "tourn"]
[EventRounds "11"]
[EventCountry "UKR"]
[SourceTitle "EXT 2004"]
[Source "ChessBase"]
[SourceDate "2003.11.25"]
[SourceVersion "1"]
[SourceVersionDate "2003.11.25"]
[SourceQuality "1"]

1. e4 e6 2. d4 d5 3. exd5 exd5 4. Bd3 Bd6 5. Ne2 Nc6 6. c3 Qh4 7. Be3 Nge7 8. Qb3 0-0 9. Nd2 Bf5 10. Qc2 Qf6 11. Nf3 h6 12. 0-0-0 b5 13. Ng3 Bxd3 14. Qxd3 b4 15. Nh5 Qf5 16. Qxf5 Nxf5 17. Bf4 bxc3 18. bxc3 Na5 19. g4 Ne7 20. Rhe1 Ng6 21. Bg3 Rab8 22. Bxd6 cxd6 23. Nd2 Rfc8 24. Re3 Rb6 25. Rde1 Kh7 26. Kc2 Nc6 27. Nb3 Ra6 28. Kb2 Rb8 29. Re8 Nge5 30. Rxb8 Nd3+ 31. Kb1 Nxb8 32. Re2 Rc6 33. Re7 Rxc3 34. Rxf7 a5 35. Rxg7+ Kh8 36. Rb7 Na6 37. Ra7 a4 38. Nf6 Nc7 39. Rxa4 Nxf2 40. Ra7 Nd3 41. a3 Rc4 42. Nc5 Rc1+ 43. Ka2 Rc2+ 44. Kb3 Rb2+ 45. Ka4 Nxc5+ 46. dxc5 Rf2 47. cxd6 Rxf6 48. dxc7 Rf8 49. Rb7 1-0